<?xml version="1.0" encoding="UTF-8"?>
<record
    xmlns:xsi="http://www.w3.org/2001/XMLSchema-instance"
    xsi:schemaLocation="http://www.loc.gov/MARC21/slim http://www.loc.gov/standards/marcxml/schema/MARC21slim.xsd"
    xmlns="http://www.loc.gov/MARC21/slim">

  <leader>00844nam a22002297a 4500</leader>
  <controlfield tag="005">20150318165550.0</controlfield>
  <controlfield tag="008">140714b        xxu||||| |||| 00| 0 Urdu d</controlfield>
  <datafield tag="010" ind1=" " ind2=" ">
    <subfield code="a">UR-8740</subfield>
  </datafield>
  <datafield tag="020" ind1="q" ind2=" ">
    <subfield code="c">550.00</subfield>
    <subfield code="a">9788190660884</subfield>
  </datafield>
  <datafield tag="035" ind1=" " ind2=" ">
    <subfield code="a">U-7295</subfield>
  </datafield>
  <datafield tag="037" ind1=" " ind2=" ">
    <subfield code="b">DBAD/Pub.</subfield>
  </datafield>
  <datafield tag="040" ind1=" " ind2=" ">
    <subfield code="a">DPL</subfield>
    <subfield code="b">Urdu</subfield>
  </datafield>
  <datafield tag="082" ind1=" " ind2=" ">
    <subfield code="a">305.4</subfield>
  </datafield>
  <datafield tag="100" ind1=" " ind2=" ">
    <subfield code="a">&#x627; &#x646;&#x635;&#x627; &#x631; &#x6CC;&#x60C;&#x63A;&#x644;&#x627; &#x645; &#x645;&#x62D;&#x6CC; &#x627; &#x644;&#x62F; &#x64A;&#x646; &#x633;&#x627; &#x644;&#x6A9;</subfield>
  </datafield>
  <datafield tag="110" ind1=" " ind2=" ">
    <subfield code="b">-</subfield>
  </datafield>
  <datafield tag="245" ind1=" " ind2=" ">
    <subfield code="a">&#x200E;&#x6C1;&#x646;&#x62F; &#x648; &#x67E;&#x627; &#x6A9; &#x6A9;&#x6CC; &#x62E;&#x648; &#x627; &#x62A;&#x64A;&#x646; &#x646;&#x627; &#x648; &#x644; &#x646;&#x6AF;&#x627; &#x631;</subfield>
    <subfield code="c">&#x627; &#x646;&#x635;&#x627; &#x631; &#x6CC;&#x60C;&#x63A;&#x644;&#x627; &#x645; &#x645;&#x62D;&#x6CC; &#x627; &#x644;&#x62F; &#x64A;&#x646; &#x633;&#x627; &#x644;&#x6A9;</subfield>
  </datafield>
  <datafield tag="246" ind1=" " ind2=" ">
    <subfield code="a">Hind-o- Pak ki Khawateen Navil  Nigar</subfield>
    <subfield code="b">By Dr. Ghulam Mohiuddin Ansari Salik</subfield>
  </datafield>
  <datafield tag="260" ind1=" " ind2=" ">
    <subfield code="a">&#x62F; &#x6BE;&#x644;&#x6CC;</subfield>
    <subfield code="b">Shahid Publications</subfield>
    <subfield code="c">2008</subfield>
  </datafield>
  <datafield tag="270" ind1=" " ind2=" ">
    <subfield code="a">2253,Resham Street,Kucha Chelan, Darya Ganj,</subfield>
    <subfield code="b">New Delhi</subfield>
    <subfield code="e">110002</subfield>
  </datafield>
  <datafield tag="300" ind1=" " ind2=" ">
    <subfield code="a">375&#x635;</subfield>
    <subfield code="c">22Cm (Hb)</subfield>
  </datafield>
  <datafield tag="942" ind1=" " ind2=" ">
    <subfield code="2">ddc</subfield>
    <subfield code="c">UR</subfield>
    <subfield code="h">305.4</subfield>
    <subfield code="m">&#x627; &#x646; &#x635;</subfield>
  </datafield>
  <datafield tag="999" ind1=" " ind2=" ">
    <subfield code="c">92316</subfield>
    <subfield code="d">92316</subfield>
  </datafield>
  <datafield tag="952" ind1=" " ind2=" ">
    <subfield code="0">0</subfield>
    <subfield code="1">0</subfield>
    <subfield code="2">ddc</subfield>
    <subfield code="4">0</subfield>
    <subfield code="7">1</subfield>
    <subfield code="8">NFIC</subfield>
    <subfield code="a">DBAD</subfield>
    <subfield code="b">DBAD</subfield>
    <subfield code="d">2015-03-18</subfield>
    <subfield code="e">DBAD/Pub.</subfield>
    <subfield code="g">550.00</subfield>
    <subfield code="l">0</subfield>
    <subfield code="o">305.4 &#x627; &#x646; &#x635;</subfield>
    <subfield code="p">U-7295</subfield>
    <subfield code="r">2015-03-18 00:00:00</subfield>
    <subfield code="t">1</subfield>
    <subfield code="v">550.00</subfield>
    <subfield code="w">2015-03-18</subfield>
    <subfield code="y">UR</subfield>
  </datafield>
</record>
